Crop coefficients for immature rubber (Record no. 51658)

MARC details
000 -LEADER
fixed length control field 00515nam a2200205Ia 4500
100 ## - MAIN ENTRY--AUTHOR NAME
Personal name Jessy M.D.
245 #0 - TITLE STATEMENT
Title Crop coefficients for immature rubber
260 ## - PUBLICATION, DISTRIBUTION, ETC. (IMPRINT)
Name of publisher Natural Rubber Research
Year of publication 2004
300 ## - PHYSICAL DESCRIPTION
Number of Pages 34-40
650 ## - SUBJECT ADDED ENTRY--TOPICAL TERM
Topical Term Crop coefficient
650 ## - SUBJECT ADDED ENTRY--TOPICAL TERM
Topical Term Evapotranspiration
650 ## - SUBJECT ADDED ENTRY--TOPICAL TERM
Topical Term Immature rubber
650 ## - SUBJECT ADDED ENTRY--TOPICAL TERM
Topical Term Lysimeter
700 ## - ADDED ENTRY--PERSONAL NAME
Personal name George S.
700 ## - ADDED ENTRY--PERSONAL NAME
Personal name Nair R.B.
700 ## - ADDED ENTRY--PERSONAL NAME
Personal name Punnoose K.I.
700 ## - ADDED ENTRY--PERSONAL NAME
Personal name Sailajadevi T.
942 ## - ADDED ENTRY ELEMENTS (KOHA)
Koha item type Bibliography STAF
Holdings
Withdrawn status Lost status Damaged status Not for loan Home library Current library Date acquired Serial Enumeration / chronology Koha item type
      Bibliography RRII Library RRII Library 09/04/2014 Volume 17, Issue 1 Bibliography STAF